000 00566nam a2200121Ia 4500
008 200903s9999 xx 000 0 und d
020 _a978-971-9694-04-5
245 _cEdtors Mary Grace C. Lacanaria, Glenda A. Vargas, Elizabeth R. Roxas, etc.
_aResource manual bachelor of science in nursing outcomes-based education curriculum:
_binstructional design for professional nursing courses/
260 _aManila:
_bAssociation of Deans of Philippine Colleges of Nursing, Inc.
_c2019
300 _a324 pages
_c30 cm.
500 _aIncludes index
650 _aAlgebras, linear
999 _c364043
_d364043